00819nam a2200241 i 4500001001000000003000900010005001700019007000300036008004100039020001800080040003000098082001700128100005200145245009300197250004200290264003600332300002800368336002700396337003300423338002800456500006300484504003000547000044884DO-SdBNP20250507145531.0ta150115s2014 dr 000 0 spa d a9789945166408 aDO-SdBNPbspacBNPHUerda 4axxxbxxx222 aContreras Nuñez, Carlos, d1951-eautor4aut.10aConceptos Básicos de gestión económica y financiera /cCarlos Contreras Núñez. aSegunda edición revisada y ampliada 1aSanto Domingo :bBúho,c2014. a374 páginas ;c28 cm. atextobtxt2rdacontent asin mediaciónbn2rdamedia avolumenbnc2rdacarrier aIncluye datos biográficos del autor en la contracubierta aBibliografía p: 373-374